Normal view
MARC view
- LEUNG, L. S , MARCUS, R. D , KLINZING, G. E
Entry Personal Name
001 - CONTROL NUMBER
- control field: 62400
003 - CONTROL NUMBER IDENTIFIER
- control field: NUST
005 - DATE AND TIME OF LATEST TRANSACTION
- control field: 20210628202931.0
008 - FIXED-LENGTH DATA ELEMENTS
- fixed length control field: 210628|| aca||aabn | a|a d
040 ## - CATALOGING SOURCE
- Original cataloging agency: NUST
- Transcribing agency: NUST
100 ## - HEADING--PERSONAL NAME
- Personal name: LEUNG, L. S , MARCUS, R. D , KLINZING, G. E
670 ## - SOURCE DATA FOUND
- Source citation: Work cat.: (NUST): LEUNG, L. S , MARCUS, R. D , KLINZING, G. E, PNEUMATIC CONVERGING OF SOLIDS, 1990
